[Event "Tournoi francophone 022E"]
[Site "Skype"]
[Date "????.??.??"]
[Round "1.1"]
[White "Ortis, Yves"]
[Black "Codina, Teresa"]
[Result "1-0"]
[WhiteElo "1424"]
[BlackElo "1519"]
[PlyCount "69"]

1. e4 c5 2. c4 d6 3. Nc3 Nf6 4. d4 cxd4 5. Qxd4 a6 6. Bd2 Nc6 7. Qd3 e6 8. Nf3
Be7 9. g3 O-O 10. Bg2 Bd7 11. O-O Rc8 12. Rfe1 Na5 13. b3 Nc6 14. Be3 Ne5 15.
Nxe5 dxe5 16. Rad1 Bc6 17. Qe2 Qc7 18. f4 exf4 19. Bxf4 Qb6+ 20. Be3 Bc5 21.
Bxc5 Qxc5+ 22. Qe3 Qxe3+ 23. Rxe3 Nd7 24. Bf1 e5 25. b4 Nf6 26. Be2 b6 27. b5
axb5 28. cxb5 Ba8 29. Rd6 Rb8 30. Na4 Nxe4 31. Rxb6 Rxb6 32. Nxb6 Bb7 33. Nd7
f6 34. Nxf8 Kxf8 35. a4 1-0

[Event "Tournoi francophone 022E"]
[Site "Skype"]
[Date "????.??.??"]
[Round "1.2"]
[White "Abate, Luigi"]
[Black "Rodriguez, Nathalie"]
[Result "0-1"]
[WhiteElo "1473"]
[BlackElo "1457"]
[PlyCount "66"]

1. d4 d5 2. c4 Nf6 3. Nc3 e6 4. Nf3 Nc6 5. Bf4 a6 6. e3 h6 7. Be2 Be7 8. O-O
O-O 9. a3 Re8 10. h3 Bd7 11. Re1 Bd6 12. Bxd6 cxd6 13. b4 e5 14. cxd5 Na7 15.
dxe5 dxe5 16. e4 Rc8 17. Rc1 Nb5 18. Nxb5 axb5 19. Rc5 Nxe4 20. Rxc8 Qxc8 21.
Bf1 Nf6 22. Nxe5 Qc7 23. d6 Qd8 24. Qd4 Re6 25. Qc3 Nd5 26. Qc5 Nf4 27. Qd4 Ng6
28. Nf3 Qe8 29. Qd2 Bc6 30. Be2 Bxf3 31. gxf3 Qd8 32. d7 Ne5 33. Bxb5 Nxf3+ 0-1

[Event "Tournoi francophone 022E"]
[Site "Skype"]
[Date "????.??.??"]
[Round "1.3"]
[White "Viatge, Fabrice"]
[Black "Wildt, Gerti"]
[Result "1-0"]
[WhiteElo "1472"]
[BlackElo "1476"]
[PlyCount "97"]

1. e4 g6 2. d4 Bg7 3. Nf3 d6 4. c3 Nf6 5. Bd3 O-O 6. O-O a6 7. Bf4 Re8 8. Qd2
b6 9. Bh6 e5 10. d5 Ng4 11. Bxg7 Kxg7 12. Qg5 Qxg5 13. Nxg5 h6 14. Nf3 c6 15.
c4 Nd7 16. Nbd2 Bb7 17. b4 c5 18. a3 Rac8 19. h3 Ngf6 20. Be2 Nh7 21. Ne1 Nhf6
22. Nd3 Nh7 23. Rab1 Nhf6 24. bxc5 dxc5 25. Ne1 Nh7 26. Nef3 Nhf6 27. Nh2 Nh7
28. Ng4 h5 29. Ne3 Nhf6 30. g4 Rh8 31. f4 hxg4 32. Nxg4 Rxh3 33. Nxe5 Rg3+ 34.
Kf2 Rh3 35. Nxd7 Rh2+ 36. Ke1 Nxd7 37. Bg4 Rc7 38. Bxd7 Rxd7 39. Rxb6 Bc8 40.
Rc6 Bb7 41. Rxc5 f5 42. e5 Rd8 43. Rc7+ Kf8 44. Rxb7 Rc8 45. d6 Rh3 46. Rf3
Rh1+ 47. Ke2 Ra1 48. Rh3 Ra2 49. Rh8# 1-0

[Event "Tournoi francophone 022E"]
[Site "Skype"]
[Date "????.??.??"]
[Round "1.4"]
[White "Tolaro, Filippa"]
[Black "Valmalette, Alain"]
[Result "0-1"]
[WhiteElo "1564"]
[BlackElo "1445"]
[PlyCount "70"]

1. Nf3 Nf6 2. d4 d5 3. Bf4 c6 4. e3 Bf5 5. h3 g6 6. Be2 Bg7 7. Nbd2 O-O 8. Ne5
Nbd7 9. O-O e6 10. c4 Rc8 11. Rc1 b6 12. cxd5 cxd5 13. Nc6 Qe8 14. Nxa7 Ra8 15.
Rc7 e5 16. dxe5 Ne4 17. Nxe4 Bxe4 18. Bd3 Qd8 19. e6 fxe6 20. Bxe4 Nf6 21. Bd3
Re8 22. Be5 Re7 23. Rxe7 Qxe7 24. Qa4 Rxa7 25. Qb3 Rb7 26. Rc1 Nd7 27. Rc8+ Bf8
28. Rc7 Rxc7 29. Bxc7 Nc5 30. Qxb6 Nxd3 31. Bd8 Qg7 32. Qxe6+ Qf7 33. Qc8 Qxf2+
34. Kh2 Bd6+ 35. Kh1 Qf1# 0-1

[Event "Tournoi francophone 022E"]
[Site "Skype"]
[Date "????.??.??"]
[Round "1.5"]
[White "Bolanos Ocampo, Sandra"]
[Black "Hargez, Dany"]
[Result "0-1"]
[WhiteElo "1495"]
[BlackElo "1578"]
[PlyCount "68"]

1. e4 e5 2. Nf3 d5 3. d3 Nc6 4. Nc3 Bg4 5. h3 Bh5 6. Nxd5 Bxf3 7. Qxf3 Nd4 8.
Qe3 Nxc2+ 9. Kd1 Nxe3+ 10. Bxe3 c6 11. Nc3 Nf6 12. Ke1 Bb4 13. Bd2 O-O 14. Be2
c5 15. Rd1 Rc8 16. Kf1 c4 17. dxc4 Bxc3 18. Bxc3 Qe7 19. h4 Nxe4 20. Rh3 Qf6
21. Be1 Rc6 22. b3 Qh6 23. Rdd3 Rf6 24. Rde3 Rf4 25. Bf3 Ng5 26. Bc3 Nxh3 27.
gxh3 Qxh4 28. Bxe5 Qxh3+ 29. Ke2 Rh4 30. Bg3 Rh6 31. Kd3 Rd8+ 32. Kc3 Qd7 33.
Bd5 b5 34. c5 Qxd5 0-1

[Event "Tournoi francophone 022E"]
[Site "Skype"]
[Date "????.??.??"]
[Round "2.1"]
[White "Codina, Teresa"]
[Black "Hargez, Dany"]
[Result "0-1"]
[WhiteElo "1519"]
[BlackElo "1578"]
[PlyCount "70"]

1. d4 d5 2. Nf3 Bg4 3. b3 Nf6 4. Bb2 e6 5. h3 Bb4+ 6. c3 Bxf3 7. exf3 Bd6 8. g3
O-O 9. Bg2 Nbd7 10. O-O e5 11. dxe5 Nxe5 12. Re1 c5 13. Nd2 Nd3 14. Re2 Nxb2
15. Qb1 Re8 16. Rxe8+ Qxe8 17. Qxb2 Qe2 18. Rb1 Re8 19. Nf1 Qxb2 20. Rxb2 Re1
21. a4 Be5 22. Rc2 c4 23. b4 Ra1 24. a5 Ra3 25. f4 Bxc3 26. Re2 Bxb4 27. Bxd5
Nxd5 28. Re8+ Bf8 29. Rb8 Rxa5 30. Rxb7 c3 31. Ne3 Nxe3 32. fxe3 c2 33. Rc7
Ra1+ 34. Kf2 c1=Q 35. Rxc1 Rxc1 0-1

[Event "Tournoi francophone 022E"]
[Site "Skype"]
[Date "????.??.??"]
[Round "2.2"]
[White "Valmalette, Alain"]
[Black "Bolanos Ocampo, Sandra"]
[Result "1-0"]
[WhiteElo "1445"]
[BlackElo "1495"]
[PlyCount "77"]

1. Nf3 d5 2. d4 Nc6 3. Bf4 e6 4. e3 Nf6 5. c4 Bb4+ 6. Nc3 b6 7. a3 Be7 8. b4 a6
9. Bd3 O-O 10. O-O a5 11. b5 Na7 12. a4 Bb4 13. Qc2 Bb7 14. h3 Nc8 15. Be5 Re8
16. Rfe1 Nd6 17. Ng5 h6 18. Bxf6 Qxf6 19. Nf3 dxc4 20. Be4 Rad8 21. Bxb7 Nxb7
22. Red1 c5 23. dxc5 Bxc3 24. Ra3 Bb4 25. Ra2 Bxc5 26. Rxd8 Rxd8 27. Qxc4 Nd6
28. Qd3 Nf5 29. Qe2 g5 30. g4 Rc8 31. gxf5 Qxf5 32. Rd2 Bb4 33. e4 Qxh3 34. Rd3
Qg4+ 35. Kh1 Qh3+ 36. Kg1 g4 37. Nh2 Rc1+ 38. Nf1 Bc5 39. Rxh3 1-0

[Event "Tournoi francophone 022E"]
[Site "Skype"]
[Date "????.??.??"]
[Round "2.3"]
[White "Wildt, Gerti"]
[Black "Tolaro, Filippa"]
[Result "0-1"]
[WhiteElo "1476"]
[BlackElo "1564"]
[PlyCount "78"]

1. d4 d5 2. Nf3 Nf6 3. Bg5 Nbd7 4. Nbd2 h6 5. Bxf6 Nxf6 6. e3 Bg4 7. Be2 e6 8.
h3 Bf5 9. c4 c5 10. O-O Bd6 11. cxd5 Nxd5 12. e4 Bxe4 13. Nxe4 O-O 14. Nxd6
Qxd6 15. Ne5 Rfd8 16. Bc4 cxd4 17. Qxd4 Nb6 18. Rad1 Nxc4 19. Nxc4 Qxd4 20.
Rxd4 Rxd4 21. b3 b5 22. Ne3 Rd2 23. a4 bxa4 24. bxa4 f5 25. Nc4 Ra2 26. a5 Ra4
27. Nd6 Rxa5 28. Re1 Rd5 29. Rxe6 Rd8 30. Re8+ Rxe8 31. Nxe8 a5 32. Nc7 Rd1+
33. Kh2 f4 34. Nb5 a4 35. Nc3 Ra1 36. g3 fxg3+ 37. Kxg3 Ra3 38. Kf4 Rxc3 39. h4
a3 0-1

[Event "Tournoi francophone 022E"]
[Site "Skype"]
[Date "????.??.??"]
[Round "2.4"]
[White "Rodriguez, Nathalie"]
[Black "Viatge, Fabrice"]
[Result "0-1"]
[WhiteElo "1457"]
[BlackElo "1472"]
[PlyCount "44"]

1. d4 d6 2. Nf3 g6 3. Bf4 Bg7 4. Nc3 Nd7 5. e3 Ngf6 6. h3 O-O 7. Bc4 a6 8. a3
b5 9. Ba2 Bb7 10. O-O c5 11. dxc5 Nxc5 12. Re1 Nfe4 13. Nxe4 Bxe4 14. b4 Na4
15. Qd2 Bc3 16. Qe2 Bxa1 17. Rxa1 Nc3 18. Qd2 Rc8 19. Ng5 Bb7 20. Bxf7+ Rxf7
21. Nxf7 Kxf7 22. Qd4 Ne2+ 0-1

[Event "Tournoi francophone 022E"]
[Site "Skype"]
[Date "????.??.??"]
[Round "2.5"]
[White "Ortis, Yves"]
[Black "Abate, Luigi"]
[Result "0-1"]
[WhiteElo "1424"]
[BlackElo "1473"]
[PlyCount "118"]

1. e4 e5 2. Nf3 Nc6 3. Bc4 Bc5 4. c3 h6 5. a3 Nge7 6. b4 d6 7. bxc5 dxc5 8. d3
O-O 9. Be3 b6 10. Qc2 Na5 11. Ba2 Bg4 12. Nxe5 Bh5 13. Nd2 Kh8 14. Nf1 f6 15.
Ng3 Be8 16. Rd1 fxe5 17. O-O Qd7 18. h3 Bf7 19. Bxf7 Rxf7 20. d4 exd4 21. cxd4
c4 22. d5 c6 23. dxc6 Qxc6 24. Ne2 Qc7 25. Nd4 Rf6 26. Nb5 Qc6 27. Nd4 Qc7 28.
Rc1 Rd8 29. f4 Ng6 30. Nf5 Ne7 31. Nxe7 Qxe7 32. e5 Rff8 33. Qc3 Rd3 34. Qe1
Qxa3 35. Rf3 c3 36. Bd4 Rxf3 37. gxf3 Rxf4 38. Bxc3 Rxf3 39. Kg2 Rf5 40. Bd4
Nb3 41. Rc8+ Kh7 42. e6 Rg5+ 43. Kf1 Nxd4 44. e7 Rf5+ 45. Kg2 Qf3+ 46. Kh2 Qf4+
47. Qg3 Nf3+ 48. Kg2 Ne1+ 49. Qxe1 Re5 50. e8=Q Rxe8 51. Qxe8 Qd2+ 52. Kf3 Qd3+
53. Kg4 Qg6+ 54. Kf4 Qf6+ 55. Ke4 Qg6+ 56. Qxg6+ Kxg6 57. Rc6+ Kh7 58. Kf5 Kh8
59. Kg6 b5 0-1

[Event "Tournoi francophone 022E"]
[Site "Skype"]
[Date "????.??.??"]
[Round "3.1"]
[White "Abate, Luigi"]
[Black "Codina, Teresa"]
[Result "1-0"]
[WhiteElo "1473"]
[BlackElo "1519"]
[PlyCount "105"]

1. d4 d5 2. Nf3 e6 3. c4 Nf6 4. Bf4 Bd6 5. Ne5 O-O 6. e3 b6 7. Nc3 a6 8. Bd3
Bb7 9. O-O h6 10. h3 Nbd7 11. Re1 Re8 12. a3 Bf8 13. e4 c5 14. cxd5 exd5 15.
exd5 Nxd5 16. Nxd5 Bxd5 17. Be4 Bxe4 18. Rxe4 Nf6 19. Nc6 Qd5 20. Rxe8 Rxe8 21.
Ne5 cxd4 22. Nf3 d3 23. Qf1 b5 24. Rd1 Qf5 25. Bc7 Rc8 26. Be5 Bc5 27. Qxd3
Qxd3 28. Rxd3 Ne4 29. Bd4 Bd6 30. Re3 Nf6 31. Be5 Bc5 32. Bd4 Bxd4 33. Nxd4 Kf8
34. Kf1 Rc4 35. Nb3 Nd5 36. Rd3 Nf4 37. Rc3 Re4 38. Rc2 g5 39. Nc5 Rc4 40. Rxc4
bxc4 41. Nxa6 Nd3 42. Ke2 Nxb2 43. Kd2 Nd3 44. Kc3 Nxf2 45. Kxc4 f5 46. Nc5 Ke7
47. a4 Kd6 48. Kb5 Kc7 49. a5 Kb8 50. Kb6 Ka8 51. Ne6 Nd3 52. Nc7+ Kb8 53. a6
1-0

[Event "Tournoi francophone 022E"]
[Site "Skype"]
[Date "????.??.??"]
[Round "3.2"]
[White "Viatge, Fabrice"]
[Black "Ortis, Yves"]
[Result "1-0"]
[WhiteElo "1472"]
[BlackElo "1424"]
[PlyCount "79"]

1. c4 c5 2. Nc3 Nf6 3. Nf3 h6 4. g3 e6 5. Bg2 Nc6 6. O-O Be7 7. d3 d5 8. a3 a6
9. Rb1 d4 10. Na2 e5 11. b4 Bg4 12. Bd2 Qd7 13. Re1 O-O 14. Qb3 Rab8 15. bxc5
Bxc5 16. Nb4 Na5 17. Qa2 Nc6 18. Nxc6 bxc6 19. Nxe5 Qe6 20. Nxc6 Rxb1 21. Qxb1
Bxa3 22. Nxd4 Qd7 23. Nc2 Bh3 24. Nxa3 Bxg2 25. Kxg2 Qc6+ 26. f3 g5 27. Qb2 Kg7
28. Bc3 Kg6 29. Bxf6 Re8 30. Bc3 g4 31. d4 h5 32. d5 Qd7 33. Qc2+ f5 34. e4 h4
35. exf5+ Kh5 36. Rxe8 Qxe8 37. fxg4+ Kxg4 38. h3+ Kg5 39. g4 Qe3 40. Bd2 1-0

[Event "Tournoi francophone 022E"]
[Site "Skype"]
[Date "????.??.??"]
[Round "3.3"]
[White "Tolaro, Filippa"]
[Black "Rodriguez, Nathalie"]
[Result "0-1"]
[WhiteElo "1564"]
[BlackElo "1457"]
[PlyCount "66"]

1. d4 d5 2. Bf4 h6 3. h3 Nf6 4. Nf3 Bf5 5. e3 e6 6. Nbd2 c5 7. c4 cxd4 8. exd4
Nc6 9. cxd5 Nxd5 10. Qa4 Nxf4 11. Ne5 Qd6 12. Nec4 Qxd4 13. g3 Nd3+ 14. Bxd3
Bxd3 15. O-O-O Bc5 16. Nb3 Qxc4+ 17. Qxc4 Bxc4 18. Nxc5 O-O 19. Nxb7 Bd5 20.
Rhe1 Bxa2 21. Rd6 Rac8 22. Kd2 Nb4 23. Ke2 Rc2+ 24. Kf1 Bc4+ 25. Kg1 Bd5 26.
Na5 Rfc8 27. b3 Nd3 28. Rf1 Rb2 29. f4 Bxb3 30. Rxd3 Rcc2 31. Nxb3 Rg2+ 32. Kh1
Rh2+ 33. Kg1 Rbg2# 0-1

[Event "Tournoi francophone 022E"]
[Site "Skype"]
[Date "????.??.??"]
[Round "3.4"]
[White "Bolanos Ocampo, Sandra"]
[Black "Wildt, Gerti"]
[Result "1-0"]
[WhiteElo "1495"]
[BlackElo "1476"]
[PlyCount "53"]

1. e4 g6 2. d3 Bg7 3. Nf3 Nf6 4. Bf4 d6 5. h3 O-O 6. Nbd2 e5 7. Bg5 h6 8. Bh4
a6 9. Be2 b5 10. d4 Nc6 11. d5 Ne7 12. O-O c6 13. c4 cxd5 14. cxd5 Bb7 15. Nb3
Nxe4 16. Bd3 Bxd5 17. Qc2 Qb6 18. Bxe4 Bxe4 19. Qxe4 Rac8 20. Bxe7 f5 21. Qd5+
Rf7 22. Bxd6 Rd8 23. Nxe5 Bxe5 24. Qxe5 Rxd6 25. Rad1 Re6 26. Rd8+ Kh7 27. Rh8#
1-0

[Event "Tournoi francophone 022E"]
[Site "Skype"]
[Date "????.??.??"]
[Round "3.5"]
[White "Hargez, Dany"]
[Black "Valmalette, Alain"]
[Result "0-1"]
[WhiteElo "1578"]
[BlackElo "1445"]
[PlyCount "107"]

1. e4 e5 2. d4 Nc6 3. d5 Nd4 4. Be3 Bc5 5. Nf3 Qe7 6. Bxd4 exd4 7. Nbd2 Nf6 8.
Bd3 d6 9. O-O O-O 10. Re1 Bg4 11. h3 Bh5 12. c3 dxc3 13. bxc3 Rab8 14. Qe2 c6
15. c4 cxd5 16. cxd5 Rfe8 17. a4 a5 18. Qf1 Bb4 19. Re2 Bxd2 20. Rxd2 Bxf3 21.
gxf3 Nh5 22. Qb1 Qg5+ 23. Kh2 Qxd2 24. Kg1 Re5 25. Ra2 Qg5+ 26. Kf1 Nf4 27. Bb5
Nxh3 28. Ke2 Ng1+ 29. Kd3 Nxf3 30. Re2 f5 31. Kc3 Rc8+ 32. Kb2 fxe4 33. Re3 Qg2
34. Re2 e3 35. fxe3 Qxe2+ 36. Bxe2 Rxe3 37. Bxf3 Rxf3 38. Qe4 Rf2+ 39. Kb3 Rcf8
40. Qe6+ R8f7 41. Qc8+ Rf8 42. Qxb7 R8f3+ 43. Kc4 Rf4+ 44. Kb5 Rb2+ 45. Ka6
Rxb7 46. Kxb7 Rxa4 47. Kc6 Rc4+ 48. Kxd6 a4 49. Ke6 a3 50. d6 Rc6 51. Ke7 Rc5
52. d7 Rd5 53. Ke6 Rxd7 54. Kxd7 0-1

[Event "Tournoi francophone 022E"]
[Site "Skype"]
[Date "????.??.??"]
[Round "4.1"]
[White "Codina, Teresa"]
[Black "Valmalette, Alain"]
[Result "0-1"]
[WhiteElo "1519"]
[BlackElo "1445"]
[PlyCount "50"]

1. d4 Nf6 2. Nf3 d5 3. Bf4 Nbd7 4. e3 b6 5. Be2 e6 6. O-O Be7 7. Nbd2 O-O 8. h3
Bb7 9. a4 a5 10. Re1 Bb4 11. c3 Bd6 12. Bxd6 cxd6 13. Bb5 Qc7 14. Rc1 Rfe8 15.
Nf1 e5 16. Ng3 Ba6 17. Nh4 e4 18. Nhf5 Bxb5 19. axb5 Nf8 20. h4 h5 21. Nxh5 g6
22. Nxf6+ Kh8 23. Nxe8 Rxe8 24. Ng3 Qc4 25. Qf3 exf3 0-1

[Event "Tournoi francophone 022E"]
[Site "Skype"]
[Date "????.??.??"]
[Round "4.2"]
[White "Wildt, Gerti"]
[Black "Hargez, Dany"]
[Result "0-1"]
[WhiteElo "1476"]
[BlackElo "1578"]
[PlyCount "82"]

1. Nf3 d5 2. c4 d4 3. g3 Bg4 4. Bg2 Nf6 5. O-O Qd7 6. d3 Bh3 7. Nbd2 Bxg2 8.
Kxg2 e5 9. Nxe5 Qe6 10. Ndf3 Bd6 11. Qa4+ c6 12. Bf4 Bxe5 13. Bxe5 O-O 14. Bxd4
Nbd7 15. e4 Nb6 16. Qb4 Nfd7 17. Ng5 Qh6 18. Qd2 f6 19. Nf3 g5 20. Be3 Kh8 21.
b4 Rg8 22. c5 Nc8 23. b5 cxb5 24. Qb4 Ne5 25. Nxe5 fxe5 26. Qxb5 Rg7 27. Qe8+
Rg8 28. Qxe5+ Qg7 29. d4 Ne7 30. Bxg5 Ng6 31. Qd5 h6 32. Be3 Rad8 33. Qb3 Nh4+
34. Kh1 Nf3 35. Qb4 Qd7 36. Kg2 Qg4 37. h3 Nh4+ 38. Kh2 Nf3+ 39. Kg2 Qxe4 40.
c6 Ne1+ 41. Kg1 Qg2# 0-1

[Event "Tournoi francophone 022E"]
[Site "Skype"]
[Date "????.??.??"]
[Round "4.3"]
[White "Rodriguez, Nathalie"]
[Black "Bolanos Ocampo, Sandra"]
[Result "1-0"]
[WhiteElo "1457"]
[BlackElo "1495"]
[PlyCount "71"]

1. d4 d5 2. Bf4 Bf5 3. Nc3 e6 4. Nb5 Na6 5. a3 Nf6 6. h3 Be7 7. e3 O-O 8. Nf3
c6 9. Nc3 h6 10. Be2 Nc7 11. O-O Nce8 12. Re1 Nh5 13. Bh2 Nef6 14. Nh4 Bd6 15.
Bxh5 Qc7 16. f4 Rfe8 17. Nxf5 g6 18. Nxd6 Qxd6 19. Bf3 Qf8 20. Ne2 Rad8 21. Ng3
b6 22. c3 a5 23. Qa4 Rd6 24. e4 Ra8 25. e5 Rd7 26. exf6 Qc8 27. Qc2 Kf8 28. Qf2
Ke8 29. Ne2 Kd8 30. Qh4 h5 31. Qg5 Kc7 32. f5+ Kb7 33. fxg6 fxg6 34. Qxg6 Qf8
35. Bxh5 Rf7 36. Qxf7+ 1-0

[Event "Tournoi francophone 022E"]
[Site "Skype"]
[Date "????.??.??"]
[Round "4.4"]
[White "Ortis, Yves"]
[Black "Tolaro, Filippa"]
[Result "0-1"]
[WhiteElo "1424"]
[BlackElo "1564"]
[PlyCount "90"]

1. e4 c6 2. Bc4 d5 3. exd5 cxd5 4. Bb5+ Bd7 5. Qe2 Nf6 6. d4 e6 7. c3 a6 8. Ba4
Bxa4 9. Nf3 Bb5 10. Qc2 Bd6 11. Nbd2 O-O 12. a4 Bd7 13. O-O b5 14. b3 b4 15. c4
dxc4 16. Nxc4 Bc6 17. Re1 Bxf3 18. gxf3 Bc7 19. Qd3 Nbd7 20. Bd2 a5 21. Kh1 Nc5
22. Qc2 Nb7 23. Be3 Qd5 24. Qe2 Qh5 25. f4 Ng4 26. f3 Nxe3 27. Qxe3 Qh4 28. Ne5
Nd6 29. Rg1 Nf5 30. Qd2 Rad8 31. Rg4 Qh6 32. Rc1 Rxd4 33. Qf2 Rxf4 34. Rxc7
Rxg4 35. Nxg4 Qg5 36. Rc4 Qd8 37. Ne3 Nxe3 38. Qxe3 Qd1+ 39. Kg2 Rd8 40. Kg3 h6
41. Rc1 Qd6+ 42. f4 Qd3 43. Kf3 Qd5+ 44. Qe4 Qxb3+ 45. Kg4 f5+ 0-1

[Event "Tournoi francophone 022E"]
[Site "Skype"]
[Date "????.??.??"]
[Round "4.5"]
[White "Abate, Luigi"]
[Black "Viatge, Fabrice"]
[Result "1-0"]
[WhiteElo "1473"]
[BlackElo "1472"]
[PlyCount "61"]

1. d4 d6 2. d5 e6 3. c4 Nf6 4. Bg5 Be7 5. Nc3 O-O 6. Nf3 exd5 7. cxd5 c6 8. e3
cxd5 9. Nxd5 Nxd5 10. Qxd5 Nc6 11. Bf4 Be6 12. Qb5 Qd7 13. Bc4 d5 14. Bb3 Bf6
15. Rd1 a6 16. Qe2 Rfd8 17. O-O Na5 18. Bc2 Rac8 19. Bb1 Nc4 20. b3 Nb6 21. e4
Qc6 22. Be5 Bxe5 23. Nxe5 Qe8 24. Nf3 dxe4 25. Qxe4 g6 26. Qxb7 Nd5 27. Rd2 Rd6
28. Qa7 Rcd8 29. Qe3 Qd7 30. Qb6 Nc3 31. Rxd6 1-0

[Event "Tournoi francophone 022E"]
[Site "Skype"]
[Date "????.??.??"]
[Round "5.1"]
[White "Viatge, Fabrice"]
[Black "Codina, Teresa"]
[Result "1-0"]
[WhiteElo "1472"]
[BlackElo "1519"]
[PlyCount "49"]

1. c4 e6 2. Nc3 d5 3. e3 c6 4. Nf3 Nf6 5. d3 g6 6. b3 Bg7 7. Bb2 O-O 8. g3 Nbd7
9. Bg2 b6 10. O-O Bb7 11. a3 a5 12. b4 axb4 13. axb4 dxc4 14. d4 b5 15. Nd2 Rb8
16. Qc2 Qc8 17. Nde4 Rd8 18. Rfd1 Ne8 19. Nc5 Nxc5 20. dxc5 Rxd1+ 21. Rxd1 Ba6
22. Ne4 Bf8 23. Nd6 Nxd6 24. cxd6 Qd7 25. Qc3 1-0

[Event "Tournoi francophone 022E"]
[Site "Skype"]
[Date "????.??.??"]
[Round "5.2"]
[White "Tolaro, Filippa"]
[Black "Abate, Luigi"]
[Result "1-0"]
[WhiteElo "1564"]
[BlackElo "1473"]
[PlyCount "125"]

1. Nf3 d5 2. d4 Nf6 3. e3 e6 4. Bd3 h6 5. b3 Nc6 6. a3 Bd6 7. Bb2 O-O 8. Ne5
Nxe5 9. dxe5 Bxe5 10. Bxe5 c6 11. O-O Nd7 12. f4 f6 13. Bc3 b6 14. f5 e5 15.
Rf3 e4 16. Bxe4 dxe4 17. Rg3 Ne5 18. Nd2 Bxf5 19. Bxe5 fxe5 20. Nc4 Qd5 21. Nd6
Be6 22. Rg6 Rad8 23. c4 Qd3 24. Qxd3 exd3 25. Rxe6 Rf6 26. Rxf6 gxf6 27. e4
Rxd6 28. Rd1 Kf7 29. Kf2 d2 30. Ke2 f5 31. exf5 Kf6 32. g4 e4 33. Rxd2 Re6 34.
Rd8 Re7 35. Rd6+ Kg5 36. h3 Kf4 37. Re6 Rd7 38. f6 Rf7 39. a4 h5 40. gxh5 Kg5
41. Ke3 Kxh5 42. Re7 Rxf6 43. Kxe4 Kh4 44. Rh7+ Kg5 45. Ke5 Kg6 46. Rxa7 Rf3
47. h4 Rxb3 48. Ra6 c5 49. Kd5 Rb4 50. a5 Ra4 51. Rxb6+ Kh5 52. a6 Ra5 53. Kc6
Kxh4 54. Kb7 Ra4 55. a7 Rxa7+ 56. Kxa7 Kg4 57. Rb5 Kf4 58. Rxc5 Ke4 59. Rd5 Ke3
60. c5 Ke4 61. Rd6 Ke5 62. Kb7 Ke4 63. c6 1-0

[Event "Tournoi francophone 022E"]
[Site "Skype"]
[Date "????.??.??"]
[Round "5.3"]
[White "Bolanos Ocampo, Sandra"]
[Black "Ortis, Yves"]
[Result "0-1"]
[WhiteElo "1495"]
[BlackElo "1424"]
[PlyCount "96"]

1. e4 c6 2. c3 e5 3. Nf3 d6 4. Bc4 Nf6 5. d3 Bg4 6. h3 Bxf3 7. Qxf3 h6 8. Nd2
Be7 9. Qg3 Nh5 10. Qg4 g6 11. Nf1 Nf6 12. Qf3 Nbd7 13. Ng3 Nb6 14. Bb3 d5 15.
Qd1 d4 16. Bd2 Nfd7 17. Qc1 Nc5 18. Bc2 Bg5 19. c4 Qf6 20. O-O Ne6 21. Ne2
O-O-O 22. b4 Nf4 23. Qe1 Qe6 24. c5 Nd7 25. f3 Be7 26. Bb3 Qf6 27. Rb1 Nxd3 28.
Qd1 Nf4 29. Bc4 Qg5 30. Rf2 Nxh3+ 31. Kf1 Qh5 32. gxh3 Qxh3+ 33. Rg2 Qxf3+ 34.
Rf2 Qxe4 35. Rxf7 Rhf8 36. Ng3 Qh4 37. Be1 Rxf7+ 38. Bxf7 Qf4+ 39. Bf2 Qxf7 40.
Qe2 Bh4 41. Kg2 Qd5+ 42. Kh3 g5 43. Nf5 Qe6 44. Kg4 h5+ 45. Kxh5 Rh8+ 46. Kg4
Nf6+ 47. Kf3 Qxf5+ 48. Kg2 Qxb1 0-1

[Event "Tournoi francophone 022E"]
[Site "Skype"]
[Date "????.??.??"]
[Round "5.4"]
[White "Hargez, Dany"]
[Black "Rodriguez, Nathalie"]
[Result "0-1"]
[WhiteElo "1578"]
[BlackElo "1457"]
[PlyCount "84"]

1. e4 e5 2. Nf3 Nc6 3. Bc4 h6 4. d4 exd4 5. O-O Nf6 6. e5 Ne4 7. Bd5 Nc5 8.
Bxc6 dxc6 9. Bf4 Be7 10. Nbd2 O-O 11. h3 Ne6 12. Bg3 Ng5 13. Re1 Nxf3+ 14. Nxf3
Re8 15. Bf4 c5 16. Qc1 g5 17. Bg3 c6 18. Qd2 Be6 19. Nh2 b6 20. f4 Rc8 21. Rf1
Bd5 22. Ng4 Kg7 23. f5 f6 24. e6 c4 25. Qxd4 Bc5 26. Bf2 Bxd4 27. Bxd4 Bxg2 28.
Bxf6+ Qxf6 29. Nxf6 Bxf1 30. Nxe8+ Rxe8 31. Rxf1 Kf6 32. Rf3 Rd8 33. Kg2 Rd2+
34. Rf2 Rd4 35. Re2 Rd8 36. e7 Re8 37. Kg3 Kxf5 38. c3 b5 39. Rf2+ Kg6 40. Rf8
Rxe7 41. Rc8 Re3+ 42. Kg4 h5# 0-1

[Event "Tournoi francophone 022E"]
[Site "Skype"]
[Date "????.??.??"]
[Round "6.1"]
[White "Codina, Teresa"]
[Black "Wildt, Gerti"]
[Result "1/2-1/2"]
[WhiteElo "1519"]
[BlackElo "1476"]
[PlyCount "102"]

1. d4 e6 2. Nf3 d5 3. Bf4 Bd6 4. Bxd6 Qxd6 5. e3 c5 6. c3 Nc6 7. b3 cxd4 8.
cxd4 Nf6 9. Nc3 Qb4 10. Qd2 Ne4 11. Nxe4 dxe4 12. Ne5 Qxd2+ 13. Kxd2 O-O 14.
Nxc6 bxc6 15. Rc1 Bb7 16. Be2 a5 17. a4 Rfd8 18. Rhd1 e5 19. Ke1 exd4 20. Rxd4
Re8 21. h3 h6 22. g4 Ba6 23. Bxa6 Rxa6 24. h4 Rb6 25. Rc3 c5 26. Rdc4 Re5 27.
Kf1 Rb4 28. Kg2 Rxc4 29. Rxc4 Kf8 30. f4 Rd5 31. Rxe4 Rd2+ 32. Kf3 Rb2 33. Rc4
Rxb3 34. Rxc5 Ke7 35. Rxa5 Rb1 36. Rb5 Rf1+ 37. Ke4 Rh1 38. h5 Rh4 39. Rb7+ Ke6
40. Rb6+ Ke7 41. g5 Rxh5 42. gxh6 gxh6 43. a5 Rxa5 44. Rxh6 Ra4+ 45. Ke5 Ra5+
46. Ke4 f5+ 47. Kf3 Ra1 48. Kf2 Ra2+ 49. Kf3 Ra1 50. Kf2 Ra2+ 51. Kf3 Ra1
1/2-1/2

[Event "Tournoi francophone 022E"]
[Site "Skype"]
[Date "????.??.??"]
[Round "6.2"]
[White "Rodriguez, Nathalie"]
[Black "Valmalette, Alain"]
[Result "1/2-1/2"]
[WhiteElo "1457"]
[BlackElo "1445"]
[PlyCount "69"]

1. d4 Nf6 2. Nc3 d5 3. Bf4 Bd7 4. e3 a6 5. Nf3 e6 6. a3 Be7 7. h3 O-O 8. Bd3
Bc6 9. O-O Nbd7 10. Re1 Ne4 11. Bg3 Nxg3 12. fxg3 Bd6 13. Ne2 Nf6 14. Rf1 h6
15. Ne5 Bxe5 16. dxe5 Ne4 17. Rf3 Qg5 18. Qf1 Qxe5 19. Rd1 Ng5 20. Rf4 Qxe3+
21. Kh2 f5 22. Qf2 Qxf2 23. Rxf2 Rae8 24. Nd4 Bd7 25. Re2 e5 26. h4 Ne4 27. Nf3
f4 28. Bxe4 fxg3+ 29. Kxg3 Bb5 30. Bxd5+ Kh7 31. c4 Ba4 32. Nxe5 Bxd1 33. Be4+
Kg8 34. Bd5+ Kh7 35. Be4+ 1/2-1/2

[Event "Tournoi francophone 022E"]
[Site "Skype"]
[Date "????.??.??"]
[Round "6.3"]
[White "Ortis, Yves"]
[Black "Hargez, Dany"]
[Result "0-1"]
[WhiteElo "1424"]
[BlackElo "1578"]
[PlyCount "64"]

1. e4 d5 2. exd5 Nf6 3. Nc3 e6 4. dxe6 Bxe6 5. d4 Bb4 6. Be3 O-O 7. h3 Re8 8.
Nf3 Bd5 9. Be2 Bxf3 10. Bxf3 Nc6 11. a3 Ba5 12. b4 Bb6 13. O-O h6 14. Re1 Bxd4
15. Bxc6 Bxc3 16. Qxd8 Rexd8 17. Rad1 Bxe1 18. Rxe1 bxc6 19. f3 Nd5 20. Bf2 Nf6
21. g4 Rd6 22. Bg3 Rd2 23. h4 Rad8 24. g5 Nh5 25. Bf2 Nf4 26. Kh2 Rxf2+ 27. Kg3
Ng2 28. Rg1 Rdd2 29. Kg4 Ne3+ 30. Kf4 Nd5+ 31. Kg3 hxg5 32. Rg2 Rxg2+ 0-1

[Event "Tournoi francophone 022E"]
[Site "Skype"]
[Date "????.??.??"]
[Round "6.4"]
[White "Abate, Luigi"]
[Black "Bolanos Ocampo, Sandra"]
[Result "1-0"]
[WhiteElo "1473"]
[BlackElo "1495"]
[PlyCount "81"]

1. d4 d5 2. c4 e6 3. Nf3 Nc6 4. Bf4 Bd6 5. Ne5 Qf6 6. e3 Nge7 7. Nc3 Nxe5 8.
cxd5 N7g6 9. Nb5 exd5 10. Nxd6+ cxd6 11. dxe5 dxe5 12. Bg3 Be6 13. Bb5+ Bd7 14.
Bxd7+ Kxd7 15. Qxd5+ Qd6 16. Qxd6+ Kxd6 17. Rd1+ Ke6 18. O-O Rhe8 19. Rfe1 f6
20. e4 Kf7 21. f3 h5 22. h4 Rac8 23. Rd7+ Ne7 24. Rxb7 a5 25. Bf2 Rc2 26. Rd1
Kg6 27. Rdd7 Kf7 28. a4 Rc1+ 29. Kh2 Rc2 30. Bb6 Rxb2 31. Kh3 g6 32. Rdc7 Rb4
33. Bxa5 Rxa4 34. Bd2 Ra1 35. Rc1 Ra2 36. Rd1 Ke6 37. Bb4 Rb2 38. Rd6+ Kf7 39.
Rdd7 Ke6 40. Rxe7+ Rxe7 41. Rxe7# 1-0

[Event "Tournoi francophone 022E"]
[Site "Skype"]
[Date "????.??.??"]
[Round "6.5"]
[White "Viatge, Fabrice"]
[Black "Tolaro, Filippa"]
[Result "0-1"]
[WhiteElo "1472"]
[BlackElo "1564"]
[PlyCount "66"]

1. f4 c6 2. Nf3 d5 3. e3 Bg4 4. Be2 Nf6 5. b3 e6 6. Bb2 g6 7. d3 Bg7 8. Nbd2
O-O 9. Ne5 Bxe2 10. Qxe2 Nbd7 11. Ndf3 Nxe5 12. Nxe5 Nd7 13. O-O Nxe5 14. Bxe5
Bxe5 15. fxe5 f6 16. exf6 Rxf6 17. Rxf6 Qxf6 18. Rf1 Qe7 19. Rf3 Rf8 20. a4
Rxf3 21. Qxf3 Qb4 22. Qe2 Qf8 23. Qg4 g5 24. d4 Qf6 25. h4 Qf5 26. Qxg5+ Qxg5
27. hxg5 Kg7 28. Kf2 Kg6 29. Kf3 Kxg5 30. c4 a6 31. a5 dxc4 32. bxc4 b5 33.
cxb5 cxb5 0-1